000 00393nam a2200109Ia 4500
008 220216s9999 xx 000 0 und d
100 _aPremakumari D
245 0 _aAnatomy and ultracytology of latex vessels
260 _bIn: Natural rubber: Biology, cultivation and technology. (Ed. M.R. Sethuraj and N.M. Mathew). Elsevier, Amsterdam, pp.67-87
_c1992
700 _aPanikkar A O N
942 _cJS
999 _c54287
_d54287